logo

Bir Sreshtho Munshi Abdur Rouf Library
Jhenaidah Cadet College

About Muhammad : (Record no. 12767)

MARC details
000 -LEADER
fixed length control field 01097nam a2200301 a 4500
001 - CONTROL NUMBER
control field 12767
003 - CONTROL NUMBER IDENTIFIER
control field BD-JhCC
005 - DATE AND TIME OF LATEST TRANSACTION
control field 20230511081641.0
008 - FIXED-LENGTH DATA ELEMENTS--GENERAL INFORMATION
fixed length control field 230511s2010 enk b |0|0 0|eng d
015 ## - NATIONAL BIBLIOGRAPHY NUMBER
National bibliography number GBB075825
Source bnb
020 ## - INTERNATIONAL STANDARD BOOK NUMBER
International Standard Book Number 9780955746383 (cased) :
Terms of availability £12.99
020 ## - INTERNATIONAL STANDARD BOOK NUMBER
International Standard Book Number 0955746388 (cased) :
Terms of availability £12.99
020 ## - INTERNATIONAL STANDARD BOOK NUMBER
International Standard Book Number 9780955746390 (pbk.) :
Terms of availability £7.99
020 ## - INTERNATIONAL STANDARD BOOK NUMBER
International Standard Book Number 0955746396 (pbk.) :
Terms of availability £7.99
035 ## - SYSTEM CONTROL NUMBER
System control number (BD-JhCC)12767
040 ## - CATALOGING SOURCE
Original cataloging agency StDuBDS
Language of cataloging eng
Transcribing agency StDuBDS
Modifying agency Uk
-- UkOxU
-- BD-JhCC
042 ## - AUTHENTICATION CODE
Authentication code ukblsr
082 04 - DEWEY DECIMAL CLASSIFICATION NUMBER
Classification number 297.63
Edition number 23
Item number ABU 2010
245 00 - TITLE STATEMENT
Title About Muhammad :
Remainder of title the other Western perspective on the prophet of Islam : a short anthology of Western writings on the prophet Muhammad : from the 18th century to the present /
Statement of responsibility, etc. edited with an introduction by Abdelwahab El-Affendi.
260 ## - PUBLICATION, DISTRIBUTION, ETC.
Place of publication, distribution, etc. Richmond :
Name of publisher, distributor, etc. Legacy Pub.,
Date of publication, distribution, etc. c2010.
300 ## - PHYSICAL DESCRIPTION
Extent xxxiv, 107 p. ;
Dimensions 24 cm.
500 ## - GENERAL NOTE
General note Formerly CIP.
Institution to which field applies Uk
504 ## - BIBLIOGRAPHY, ETC. NOTE
Bibliography, etc. note Includes bibliographical references.
600 00 - SUBJECT ADDED ENTRY--PERSONAL NAME
Personal name Muḥammad,
Titles and other words associated with a name Prophet,
Dates associated with a name -632.
650 #0 - SUBJECT ADDED ENTRY--TOPICAL TERM
Topical term or geographic name entry element Islam.
700 1# - ADDED ENTRY--PERSONAL NAME
Personal name El-Affendi, Abdelwahab.
942 ## - ADDED ENTRY ELEMENTS (KOHA)
Source of classification or shelving scheme Dewey Decimal Classification
Koha item type Books
Holdings
Withdrawn status Lost status Source of classification or shelving scheme Damaged status Not for loan Home library Current library Shelving location Date acquired Total Checkouts Full call number Barcode Date last seen Date last checked out Copy number Price effective from Koha item type
    Dewey Decimal Classification     JCC Rouf Library JCC Rouf Library General Stacks 05/11/2023 1 297.63 ABU 2010 17556 01/14/2026 11/16/2025 C-1 05/11/2023 Books

JCC Library | Contacts | JCC Home

Last Update on 23 September 2017
Copyright @ 2017-2020 JCC Rouf Library
Rouf Library, Jhenidah Cadet College (JCC), Bangladesh